東海道新幹線の最寄り駅 - Statistics

General Stats
  • This quiz has been taken 93 times
  • The average score is 65 of 274
Answer Stats
駅名 % Correct
東京
94%
品川
88%
有楽町
78%
浜松
78%
新橋
74%
新横浜
70%
高輪ゲートウェイ
64%
浜松町
63%
田町
61%
小田原
60%
熱海
60%
三島
60%
静岡
56%
掛川
55%
新富士
54%
名古屋
54%
豊橋
51%
三河安城
51%
岐阜羽島
51%
新大阪
51%
武蔵小杉
50%
京都
50%
富士
49%
米原
48%
大崎
46%
沼津
45%
函南
44%
泉岳寺
41%
北品川
41%
真鶴
41%
湯河原
41%
国府津
40%
安城
40%
新羽島
40%
西大井
38%
根府川
38%
清水
38%
日比谷
35%
汐留
35%
日吉
35%
早川
35%
焼津
35%
島田
35%
蒲郡
35%
三田
34%
鴨宮
34%
来宮
34%
新所原
34%
平塚
33%
二宮
33%
磐田
33%
大垣
33%
羽沢横浜国大
31%
大磯
31%
草薙
31%
東静岡
31%
二川
31%
大府
31%
尾頭橋
31%
彦根
31%
草津
31%
長岡京
31%
新綱島
30%
菊名
30%
吉原
30%
西焼津
30%
藤枝
30%
金谷
30%
新浜松
30%
枇杷島
30%
関ケ原
30%
西大路
30%
向日町
30%
元住吉
29%
蒲原
29%
興津
29%
袋井
29%
弁天島
29%
新豊橋
29%
垂井
29%
醒ケ井
29%
南草津
29%
石山
29%
山崎
29%
新丸子
28%
28%
由比
28%
安倍川
28%
三河三谷
28%
南大高
28%
大高
28%
近鉄名古屋
28%
高槻市
28%
東淀川
28%
菊川
26%
栄生
26%
西枇杷島
26%
野洲
26%
守山
26%
西谷
25%
二俣川
25%
高座渋谷
25%
富士川
25%
天竜川
25%
舞阪
25%
西小坂井
25%
幸田
25%
共和
25%
山王
25%
東枇杷島
25%
梅小路京都西
25%
桂川
25%
大倉山
24%
新蒲原
24%
新金谷
24%
御厨
24%
笠寺
24%
近江長岡
24%
近江八幡
24%
栗東
24%
大山崎
24%
淡路
24%
箱根板橋
23%
岳南江尾
23%
愛知御津
23%
ささしまライブ
23%
柏原
23%
瀬田
23%
七条
23%
新馬場
21%
鶴ヶ峰
21%
倉見
21%
用宗
21%
新居町
21%
駅前
21%
石山寺
21%
東寺
21%
茨木市
21%
摂津
21%
沼部
20%
南万騎が原
20%
いずみ野
20%
片浜
20%
愛野
20%
鷲津
20%
小坂井
20%
蒲郡競艇場前
20%
東刈谷
20%
清洲
20%
内幸町
19%
三島田町
19%
西掛川
19%
高塚
19%
三河大塚
19%
逢妻
19%
愛知川
19%
東福寺
19%
西馬込
18%
御嶽山
18%
長後
18%
伊勢原
18%
ジヤトコ前
18%
柚木
18%
六合
18%
豊田町
18%
船町
18%
野田新町
18%
亀島
18%
江吉良
18%
西向日
18%
下神明
16%
馬込
16%
向河原
16%
岸根公園
16%
希望ヶ丘
16%
緑町
16%
掛川市役所前
16%
三ケ根
16%
南安城
16%
新清洲
16%
国府宮
16%
西山天王山
16%
水無瀬
16%
門沢橋
15%
大岡
15%
県立美術館前
15%
アスモ前
15%
相見
15%
六番町
15%
坂田
15%
豊郷
15%
篠原
15%
手原
15%
追分
15%
四宮
15%
上牧
15%
弥生台
14%
宮山
14%
下地
14%
日比野
14%
スクリーン
14%
大谷
14%
上新庄
14%
下新庄
14%
長沼
13%
桜井
13%
碧海古井
13%
本星崎
13%
豊田本町
13%
大里
13%
東大垣
13%
東野
13%
御陵
13%
南摂津
13%
下土狩
11%
狐ヶ崎
11%
運動公園前
11%
道徳
11%
東海通
11%
尾張星の宮
11%
奥田
11%
フジテック前
11%
高宮
11%
唐橋前
11%
井高野
11%
日の出
10%
洗足池
10%
片倉町
10%
三島二日町
10%
岳南富士岡
10%
入江岡
10%
県総合運動場
10%
日吉町
10%
小池
10%
一ツ木
10%
新川橋
10%
丸ノ内
10%
美濃青柳
10%
ひこね芹川
10%
10%
音羽町
9%
愛知大学前
9%
堀内公園
9%
重原
9%
玉野
9%
萩原
9%
荒尾
9%
沢良宜
9%
瑞光四丁目
9%
須津
8%
桜橋
8%
八幡
8%
彦根口
8%
五箇荘
8%
枚方公園
8%
光善寺
8%
神谷
6%
比奈
6%
古庄
6%
柳生橋
6%
鳥居本
6%
武佐
6%
牧野
6%
井細田
5%
春日町
5%
南栄
5%
粟津
5%
御門台
4%
尼子
4%
市辺
4%
平田
4%
中ノ庄
4%
河辺の森
3%
No matching quizzes found
Score Distribution
Percent of People with Each Score
Percentile by Number Answered
Your Score History
You have not taken this quiz